Der Friede von Brest-Litowsk: ein unveröffentlichter Band aus dem Werk des Untersuchungsausschusses der Deutschen Verfassunggebenden Nationalversammlung und des Deutschen Reichstages

محفوظ في:
التفاصيل البيبلوغرافية
المؤلف الرئيسي: Hahlweg, Werner (مؤلف)
التنسيق: كتاب
اللغة:الألمانية
منشور في: Düsseldorf Droste 1971
سلاسل:Quellen zur Geschichte des Parlamentarismus und der politischen Parteien, 8
الموضوعات:
الوسوم: إضافة وسم
لا توجد وسوم, كن أول من يضع وسما على هذه التسجيلة!

MARC

LEADER 00000nam a2200000 a 4500
001 UCN7277
003 CL-VaPUC
008 011012e19710000GW |||||||||||||||||ger|d
082 0 4 |a 324.243  |b HAH  |2 21 
100 0 |a Hahlweg, Werner  |e author  |9 463159 
245 1 4 |a Der Friede von Brest-Litowsk: ein unveröffentlichter Band aus dem Werk des Untersuchungsausschusses der Deutschen Verfassunggebenden Nationalversammlung und des Deutschen Reichstages 
300 |a 738 p 
942 |c BK 
945 |d 20011012 00:00:00  |a crobeson 
260 |a Düsseldorf  |b Droste  |c 1971 
650 7 |a PARTIDOS POLITICOS ALEMANES  |2 CL-VaPUC  |9 463160 
650 7 |a PARTICIPACION POLITICA  |2 CL-VaPUC  |9 463161 
650 0 |a Historia política  |9 256974 
650 7 |a COMITES PARLAMENTARIOS  |2 CL-VaPUC  |9 463162 
583 |a last modification  |c 20011012 00:00:00  |k Rodrigo Vera 
490 0 |a Quellen zur Geschichte des Parlamentarismus und der politischen Parteien, 8 
999 |c 297677  |d 297675 
952 |0 0  |1 0  |4 0  |6 324_243000000000000_HAH_1971  |7 0  |8 A  |9 352604  |a BIBHIS  |b BIBHIS  |d 2019-11-21  |i 3710092  |o 324.243 HAH 1971  |p 3710092  |r 2025-01-20  |w 2019-11-21  |y BK  |k HIS